banner-ar

الذكاءات المتعددة و التعليم بالفنون اتجاه تطويرى لمدارسنا العربية / (Record no. 61257)

MARC details
000 -الفاتح
حقل البيانات ثابتة الطول 01026nam a22002417a 4500
005 - وقت وتاريخ اخر تعامل مع التسجيلة
رقم الضبط 20240530110451.0
008 - عناصر البيانات ثابتة الطول - معلومات عامة
حقل البيانات ثابتة الطول 150512s2011 ua ad g b 000 0 ara d
017 ## - رقم الايداع القانونى
رقم الايداع القانونى 2010/24096
المصدر ( الهيئة المختصة) مصر . دار الكتب المصرية
020 ## - الرقم الدولى المعيارى للكتب
الرقم الدولى المعيارى للكتاب 9789774312007
040 ## - مصدر الفهرسة
وكالة الفهرسة الأصلية EG-CaGPL
082 04 - رقم تصنيف ديوى العشرى
رقم الطبعة 21
رقم التصنيف 372.5\
رقم المادة ا ذ
100 0# - المدخل الرئيسى - إسم شخصى
الإسم الشخصى المكشافى عثمان دفع الله القاضى
245 12 - بيان العنوان
العنوان الذكاءات المتعددة و التعليم بالفنون اتجاه تطويرى لمدارسنا العربية /
بيان المسئوليه,etc المكشافى عثمان دفع الله القاضى
250 ## - بيان الطبعة
بيان الطبعة ط1
260 ## - PUBLICATION, DISTRIBUTION, ETC. (IMPRINT)
تاريخ النشر أو التوزيع 2011 .
300 ## - الوصف المادى
التعداد 219 ص :
تفاصيل ماديه اخرى للوعاء جداول ؛
أبعاد الوعاء 24 سم +
المادة المصاحبة جداول .
504 ## - تبصرة ببليوجرافية
تبصرة ببليوجرافية,الخ يشتمل على ارجاعات ببليوجرافية
650 04 - المدخل الاضافى بالموضوع-مصطلح موضوعى
مصطلح موضوعي المناهج
التقسيم الفرعي العام تطوير
650 04 - المدخل الاضافى بالموضوع-مصطلح موضوعى
مصطلح موضوعي التخطيط التربوى
650 04 - المدخل الاضافى بالموضوع-مصطلح موضوعى
مصطلح موضوعي المدارس
التقسيم الفرعي الجغرافي قطر
942 ## - عناصر المدخل الإضافي( كوها)
مصدر التصنيف او مخطط الترفيف Dewey Decimal Classification
Koha [default] item type كتاب
260 ## - PUBLICATION, DISTRIBUTION, ETC. (IMPRINT)
-- القاهرة :
-- مؤسسة طيبة للنشر و التوزيع ،
Holdings
حالة التراجع حالة الفقد حالة تلف ليس للاعارة المكان المؤقت الموقع الحالى تاريخ الاكتساب اجمالي اﻻعارات رقم الطلب الباركود تاريخ اخر مشاهدة تاريخ تفعيل السعر نوع وعاء كوها
        مكتبة القاهرة الكبرى مكتبة القاهرة الكبرى 05/12/2015   372.5\ ا ذ 160510 05/12/2015 05/12/2015 كتاب

Powered By

EGPV